header

Selenium in nutrition (Record no. 33329)

MARC details
000 -LEADER
fixed length control field 01255nam a2200301Ia 4500
245 10 - TITLE STATEMENT
Title Selenium in nutrition
250 ## - EDITION STATEMENT
Edition statement Rev. ed.
260 ## - PUBLICATION, DISTRIBUTION, ETC. (IMPRINT)
Place of publication Washington, D.C. :
Name of publisher National Academy Press,
Year of publication 1983.
300 ## - PHYSICAL DESCRIPTION
Number of Pages x, 174 p. :
Other physical details ill.
650 #0 - SUBJECT ADDED ENTRY--TOPICAL TERM
Topical Term Selenium in human nutrition.
Topical Term Selenium in animal nutrition.
856 40 - ELECTRONIC LOCATION AND ACCESS
Uniform Resource Identifier http://site.ebrary.com/lib/rucke/Doc?id=10071488

No items available.

© 2026 Rongo University
Contact us: librarian | system librarian | Rongo university